学词语 (Record no. 29642)

000 -LEADER
fixed length control field 00482nam a22001937a 4500
003 - CONTROL NUMBER IDENTIFIER
control field MPLRDC
005 - DATE AND TIME OF LATEST TRANSACTION
control field 20220104125726.0
008 - FIXED-LENGTH DATA ELEMENTS--GENERAL INFORMATION
fixed length control field 210129b ||||| |||| 00| 0 eng d
020 ## - INTERNATIONAL STANDARD BOOK NUMBER
International Standard Book Number 7-104-02265-1
082 ## - DEWEY DECIMAL CLASSIFICATION NUMBER
Classification number 523.23 SYQ
100 ## - MAIN ENTRY--PERSONAL NAME
Personal name 孙艳秋主编
245 ## - TITLE STATEMENT
Title 学词语
Statement of responsibility, etc. 墨人绘画
250 ## - EDITION STATEMENT
Edition statement 一版一刷
260 ## - PUBLICATION, DISTRIBUTION, ETC.
Place of publication, distribution, etc.
Name of publisher, distributor, etc. 中国戏剧
Date of publication, distribution, etc. 2006
300 ## - PHYSICAL DESCRIPTION
Other physical details
490 ## - SERIES STATEMENT
Series statement 幼儿学前必备丛书
650 ## - SUBJECT ADDED ENTRY--TOPICAL TERM
Topical term or geographic name entry element 学前教育--方法
942 ## - ADDED ENTRY ELEMENTS (KOHA)
Koha item type Book
-- 523.23 SYQ
Holdings
Withdrawn status Lost status Source of classification or shelving scheme Damaged status Not for loan Collection code Home library Current library Shelving location Date acquired Cost, normal purchase price Total Checkouts Total Renewals Full call number Barcode Date last seen Date last checked out Price effective from Koha item type Public note
            Malaysian Public Library, Research and Development Centre Malaysian Public Library, Research and Development Centre   10/12/2007 10.00   1 523.23 SYQ 00029716 17/03/2021 07/07/2013 17/03/2021 Book mplrdc

© 2022. Malaysian Public Library, Research and Development Centre. All Right ReservedE-mailmplrdc@help.edu.my 

Powered by Koha